Vista normal
Vista MARC
- Fernández Leandro, Jaime
Entrada Personal Name
Número de registros utilizados en: 1
001 - CONTROL NUMBER
- control field: 26303
003 - CONTROL NUMBER IDENTIFIER
- control field: OSt
005 - DATE AND TIME OF LATEST TRANSACTION
- control field: 20161012103136.0
008 - FIXED-LENGTH DATA ELEMENTS
- fixed length control field: 161012|| aca||aabn | a|a d
040 ## - CATALOGING SOURCE
- Original cataloging agency: OSt
- Transcribing agency: OSt
100 ## - HEADING--PERSONAL NAME
- Personal name: Fernández Leandro, Jaime
670 ## - SOURCE DATA FOUND
- Source citation: Work cat.: (OSt)3076: Fernández Leandro, Jaime, Perfume de mujer bonita y otros cuentos, 2001